Seventeen Kpop Quiz - Statistics

General Stats
  • This quiz has been taken 1,799 times
  • The average score is 8 of 10
Answer Stats
Question Answer % Correct
Who's from China? Jun
99%
Who's the tiger of the group? Soonyoung
99%
Who's the oldest? Seungcheol
98%
Who's the frog? Minghao
96%
Who is in the maknae line? Seungkwan
95%
Under which entertainment is Seventeen? Pledis Entertainment
94%
Which member shares his birthday with Vernon? Seokmin
87%
Who was born AND raised in the US? Joshua
84%
What is the name of Mingyu's dog? Bobpul
38%
Who DOESN'T have a dog? Soonyoung
14%
No matching quizzes found
Score Distribution
Percent of People with Each Score
Percentile by Number Answered
Your Score History
You have not taken this quiz